• 首页
  • 本馆介绍
  • 公告通知
  • 最新文献
  • 馆藏检索
  • 电子资源
  • 读者导购
  • 参考咨询
  • 我的图书馆
  • 登录
  • 详细信息显示
  • 放入我的书架
  • 预约/预借图书
  • 作者相关作品
  • 分类相关作品
  • 丛书相关作品
  • 出版社相关作品

书目信息

  • 表格格式
  • 工作单格式
  • 卡片格式
题名:
古代语言现象探索
    
 
作者: 刘丽文 , 赵雪 主编
分册:  
出版信息: 北京   北京广播学院出版社  2003
页数: 293页
开本: 20cm
丛书名: 汉语言文字学书系
单 册:
中图分类: H109.2-53
科图分类:
主题词: 汉语--古代
电子资源:
ISBN: 7-81085-125-X
000 00677nam2 2200229 45
001 0312240924
005 20031224092004.7
010    @a7-81085-125-X@dCNY18.00
100    @a20031224d2003 km y0chiy0120 ea
101 0  @achi
105    @a z 000yy
200 1  @a古代语言现象探索@AGu Dai Yu Yan Xian Xiang Tan Suo@f刘丽文,赵雪主编@FLiu Li Wen,Zhao Xue Zhu Bian
210    @a北京@c北京广播学院出版社@d2003
215    @a293页@d20cm
225    @a汉语言文字学书系
410    @12001 @a汉语言文字学书系
606 0  @a汉语@z古代
690    @aH109.2-53@v4
701  0 @a刘丽文@4主编
701  0 @a赵雪@4主编
801    @aCN@bTSTC@c20031224
905    @b330487-494@dH109.2-53@e43@f8
    
    古代语言现象探索/刘丽文,赵雪主编.-北京:北京广播学院出版社,2003
    293页;20cm.-(汉语言文字学书系)
    
    
    ISBN 7-81085-125-X:CNY18.00
    
●
相关链接 在E读中查询图书 在五车中查询图书 在当当中查询图书 在豆瓣中查询图书


正题名:古代语言现象探索     索取号:H109.2-53/43         预约/预借

序号 登录号 条形码 馆藏地/架位号 状态 备注
1 0330487   203304879   第四借阅区/ [索取号:H109.2-53/43] 在馆    
2 0330488   203304888   第四借阅区/ [索取号:H109.2-53/43] 在馆    
3 0330489   203304897   第四借阅区/ [索取号:H109.2-53/43] 在馆    
4 0330490   203304904   第四借阅区/ [索取号:H109.2-53/43] 在馆    
5 0330491   203304913   第四借阅区/ [索取号:H109.2-53/43] 在馆    
6 0330492   203304922   第四借阅区/ [索取号:H109.2-53/43] 在馆    
7 0330493   203304931   第四借阅区/ [索取号:H109.2-53/43] 在馆    
8 0330494   203304940   第二样本阅览室/ [索取号:H109.2-53/43] 在馆    
唐山师范学院图书馆 欢迎您!
大连网信软件有限公司© 版权所有